=LDR 00000nam 2200000 4500 =001 INLIS000000000038809 =005 20140610111859.0 =006 =007 =008 Ind =035 ##$$a 0010-061300000038809 =041 ##$$a Ind =082 ##$$a 650.1 =090 ##$$a 650.1, Hog t =100 ##$$a Hogan, Kevin =245 ##$$a The 12 factors of business success, Kenali, kembangkan dan gali kekuatan anda/ Kevin Hogan, Dave Lakhani, Mollie Marti =260 ##$$a 2010 $b Jakarta =300 ##$$a 258 hlm, 23 cm =650 ##$$a Sukses - Akses - Bisnis =700 ##$$a Lakhani, Dave =850 ##$$a NBPNMAT =990 ##$$a 0001/BPAP-NTB/20142014